Filosofía para la infancia: relato y desarrollo de actividades
Gorde:
| Egile nagusia: | |
|---|---|
| Formatua: | Liburua |
| Hizkuntza: | gaztelania |
| Argitaratua: |
Buenos Aires
Ediciones Novedades Educativas, 64
2006
|
| Edizioa: | 1a. ed |
| Saila: | La Educación en los Primeros Años 0 a 5
|
| Gaiak: | |
| Etiketak: |
Etiketa erantsi
Etiketarik gabe, Izan zaitez lehena erregistro honi etiketa jartzen!
|
MARC
| LEADER | 00000cam a2200000 a 4500 | ||
|---|---|---|---|
| 001 | UCD7040 | ||
| 003 | CL-VaPUC | ||
| 008 | 170309e20060000ag |||||||||||||||||spa|d | ||
| 020 | |a 9875381519 | ||
| 082 | 0 | 4 | |a 372.21 |b GRA |2 21 |
| 100 | |a Grau Duhart, Olga |e author |9 590994 | ||
| 245 | 1 | 0 | |a Filosofía para la infancia: relato y desarrollo de actividades |
| 250 | |a 1a. ed | ||
| 300 | |a 105 p | ||
| 942 | |c BK | ||
| 945 | |d 20170309 22:28:00 |a dcastane | ||
| 260 | |a Buenos Aires |b Ediciones Novedades Educativas, 64 |c 2006 | ||
| 650 | 7 | |a EDUCACION INFANTIL |2 CL-VaPUC |9 590995 | |
| 650 | 0 | |a Enseñanza de la filosofía |9 256848 | |
| 583 | |a last modification |c 20170309 22:28:00 |k Rodrigo Vera | ||
| 490 | 0 | |a La Educación en los Primeros Años 0 a 5 | |
| 999 | |c 367207 |d 367205 | ||
| 952 | |0 0 |1 0 |3 erb |4 0 |6 372_210000000000000_GRA_2006 |7 0 |8 A |9 481926 |a BIBEDU |b BIBEDU |i 5362997 |l 1 |o 372.21 GRA 2006 |p 5362997 |r 2023-04-10 |s 2023-04-04 |w 2019-11-24 |y BK |z Catalogado en:20170309 |k FIL | ||
| 952 | |0 0 |1 0 |3 erb |4 0 |6 372_210000000000000_GRA_2006 |7 0 |8 A |9 481927 |a BIBEDU |b BIBEDU |i 5470447 |o 372.21 GRA 2006 |p 5470447 |r 2019-11-24 |w 2019-11-24 |y BK |z Catalogado en:20180518 |k FIL | ||